Direito privado aplicado. Por uma Escola "Hetern̥oma" de Direito Civil

Bibliographic Details
Main Author: R ̌Pousada, Estevan Lo
Format: eBook
Published: Sô Paulo: LEUD, 2013.
Subjects:
Online Access:Acceso restringido

MARC

LEADER 00000nam a22000007a 4500
005 20161025141232.0
007 cr|||| ||u|
008 161025t2013 Bl |||||o|||| 001 0 Por d
020 |a  978-85-7456-290-2 
035 |a 14404 
040 |a vLex 
090 |c 6315  |d 6315 
100 1 |a R ̌Pousada, Estevan Lo 
245 1 |a Direito privado aplicado. Por uma Escola "Hetern̥oma" de Direito Civil  |h [Recurso electrn̤ico] /  |c Estevan Lo R ̌Pousada. 
256 |a Servicio en ln̕ea 
260 |a Sô Paulo:  |b LEUD,  |c 2013. 
300 |a 1 Recurso electrn̤ico 
506 1 |a Disponible en los productos indicados  |d vLex Global  |d vLex Global (Academic Edition, excluding Law Schools)  |d vLex Global (U.S. Academic Edition, Law Schools)  |d vLex Global (U.S. Academic Edition, excluding Law Schools)  |d vLex Global (Academic Edition, Law Schools) 
650 0 4 |a Derecho civil  |z Brasil 
740 0 |a vLex libros (servicio en ln̕ea) 
856 4 0 |u http://vlex.com/source/direito-privado-aplicado-por-uma-escola-heter-noma-de-direito-civil-14404  |z Acceso restringido 
942 |c BOOK 
999 0 |a Civil law